[Event "ALG Control event"]
[Site "Tipaza"]
[Date "2010.11.28"]
[Round "7"]
[White "Oussedik, Mahfoud"]
[Black "Selmane, Amine"]
[Result "1/2-1/2"]
[WhiteElo "2227"]
[BlackElo "2105"]
[PlyCount "83"]
[EventDate "2010.11.25"]
[EventType "tourn"]
[EventRounds "9"]
[EventCountry "ALG"]
[SourceTitle "EXT 2012"]
[Source "ChessBase"]
[SourceDate "2011.11.24"]
[SourceVersion "1"]
[SourceVersionDate "2011.11.24"]
[SourceQuality "1"]

1. c4 Nf6 2. g3 c6 3. Bg2 d5 4. Nf3 Bf5 5. b3 e6 6. 0-0 Nbd7 7. d4 h6 8. Nc3 Bb4 9. Bd2 a5 10. a3 Bd6 11. Re1 0-0 12. Nh4 Bh7 13. f4 Ne4 14. Nxe4 dxe4 15. Bf1 Qe7 16. c5 Bc7 17. e3 Nf6 18. b4 Nd5 19. Qb3 Rfb8 20. Reb1 b5 21. a4 bxa4 22. Qxa4 g5 23. Ng2 axb4 24. Qxa8 Rxa8 25. Rxa8+ Kg7 26. Ra7 gxf4 27. Nxf4 Nxf4 28. gxf4 Qd8 29. Rxb4 Bg6 30. Bc3 Qh4 31. Rb2 Bd8 32. Rg2 Bf6 33. Be2 Qh3 34. Rg3 Qf5 35. Rd7 h5 36. Bf1 h4 37. Bh3 Qh5 38. Bg4 Qh8 39. Rg2 Kh6 40. h3 Qg8 41. Rc7 Qb8 42. Rd7 1/2-1/2

[Event "ALG Control event"]
[Site "Tipaza"]
[Date "2010.11.28"]
[Round "6"]
[White "Selmane, Amine"]
[Black "Nassr, Ali"]
[Result "1-0"]
[WhiteElo "2105"]
[BlackElo "1848"]
[PlyCount "75"]
[EventDate "2010.11.25"]
[EventType "tourn"]
[EventRounds "9"]
[EventCountry "ALG"]
[SourceTitle "EXT 2012"]
[Source "ChessBase"]
[SourceDate "2011.11.24"]
[SourceVersion "1"]
[SourceVersionDate "2011.11.24"]
[SourceQuality "1"]

1. d4 d5 2. Nf3 Nf6 3. c4 e6 4. g3 Bd6 5. Bg2 c6 6. Nc3 0-0 7. 0-0 Nbd7 8. b3 b6 9. Qc2 Bb7 10. e4 dxe4 11. Ng5 c5 12. Ngxe4 Nxe4 13. Nxe4 Be7 14. dxc5 f5 15. c6 Bxc6 16. Nc3 Bxg2 17. Kxg2 Bf6 18. Ba3 Re8 19. Rad1 Qc7 20. f3 a6 21. Ne2 Rad8 22. Nf4 Be5 23. Nd3 Bd6 24. Bxd6 Qxd6 25. Nf4 Qc6 26. Qd2 Kf7 27. Qd6 Qxd6 28. Rxd6 g5 29. Rfd1 gxf4 30. Rxd7+ Rxd7 31. Rxd7+ Kg6 32. gxf4 Kf6 33. Rxh7 Rd8 34. Rb7 Rd6 35. Kg3 e5 36. Rh7 exf4+ 37. Kxf4 Kg6 38. Rb7 1-0